| 000 | 00720nam a2200229 4500 | ||
|---|---|---|---|
| 003 | OSt | ||
| 005 | 20240627061018.0 | ||
| 006 | a | ||
| 008 | 240627b |||||||| |||| 00| 0 eng d | ||
| 020 | _a9789713703866 | ||
| 040 |
_aDWCL-Main lib. _cOC |
||
| 082 | _aFil. 004 V834 2010 | ||
| 110 | _aJemma Development Group | ||
| 245 | _aVisual guide : fundamentals of computers : computer technologies, MS Excel advanced, MS Powerpoint / | ||
| 260 |
_aManila : _bJemma, Inc. , _cc2010 |
||
| 300 |
_axiv, _b306 p. : ill. ; _c26 cm. |
||
| 504 | _aIncludes bibliographical references. | ||
| 650 | _a1. Computers. | ||
| 650 | _a2. Microsoft Excel. | ||
| 650 | _a3. Microsoft powerpoint. | ||
| 942 |
_2ddc _n0 _cBK - FIL _kFil. |
||
| 999 |
_c1496 _d1496 |
||